000 00381nam a2200157Ia 4500
003 0STCL
008 150530s9999 xx 000 0 und d
040 _aSTCL
_cSTCL
100 _aIrvin; Kenneth Croft; Edith Fries Croft; Editor
245 _aStories by Washington Irving
260 _c1962
546 _aEnglish
942 _2ddc
_cBK
999 _c67487
_d67487
005 20220125171344.0